| 000 | 00448nam a22001697a 4500 | ||
|---|---|---|---|
| 005 | 20251108175721.0 | ||
| 008 | 250721s2019 xx 000 0 eng d | ||
| 082 | 1 | 4 | _aJ/F/WOL |
| 245 | 1 | 4 | _aThe wolf in sheeps clothing / |
| 264 |
_bHome applied training, _c2019. |
||
| 300 | _a16 p | ||
| 490 | 0 | _aAESSOP'S FABLES | |
| 650 | 1 | 7 | _aFICTION |
| 653 | _aاطفال مرحلة متوسطة (6-9)سنوات | ||
| 942 |
_2ddc _cBK |
||
| 999 |
_c140741 _d140741 |
||